Statistics for Oregon Geography

Click here to take the quiz!

General Stats

  • This quiz has been taken 32 times
  • The average score is 12 of 15

Answer Stats

LandmarkCity% Correct
University of OregonEugene
100%
Capitol BuildingSalem
96%
Nike HeadquartersBeaverton
92%
Oregon State Univ.Corvallis
92%
Coos RiverCoos Bay
88%
Oswego LakeLake Oswego
88%
Tilikum CrossingPortland
85%
Pilot ButteBend
77%
Youngs BayAstoria
69%
Haystack RockCannon Beach
69%
Intel HeadquartersHillsboro
69%
Upper Klamath LakeKlamath Falls
69%
Yaquina BayNewport
58%
D RiverLincoln City
50%
Ore-Ida HeadquartersOntario
46%

Score Distribution

Percentile by Number Answered

Percent of People with Each Score

Your Score History

You have not taken this quiz